000 00922cab a2200241 4500
001 ABS41996
008 090401t1990 xxu||||| |||| 00| 0 eng d
035 _a(Sirsi) u33928
041 _aeng
100 _aChevin, D.
245 _aZoom me in Scottie
260 _c1990
350 _a0
490 _aBuilding
_v255(7630) 12 January 1990, 70-71(2)
520 _aDescribes the computer model of Glasgow used by the planning authorities to assess whether new buildings will match their surroundings. The model has been built up at the ABACUS unit of Strathclyde university and has led other UK cities to think about developing similar models to aid their town planners.
650 _aCOMPUTER MODELLING
650 _aCOMPUTER-AIDED VISUAL IMPACT ANALYSIS
650 _aDEVELOPMENT
650 _aPLANNING
690 _aMANAGEMENT-BUSINESS MANAGEMENT-INFORMATION MANAGEMENT
942 _n0
948 _c04/03/1997
999 _c22552
_d22552